Leader xxxxxxxxxx
001 __ PCLIS000449646
005 __ 20220829134201.0
010 0_ |a957-32-2912-9|b套 : 平裝|dNT$1000
010 0_ |a957-32-2913-7|b第一冊 : 平裝|dNT$250
010 0_ |a957-32-2914-5|b第二冊 : 平裝|dNT$250
010 0_ |a957-32-2915-3|b第三冊 : 平裝|dNT$250
010 0_ |a957-32-2916-1|b第四冊 : 平裝|dNT$250
100 __ |a20121119g1996 m y0chiy09 e
101 0_ |achi
102 __ |atw
105 __ |aaf z 000ad
200 1_ |a射雕英雄傳|f金庸著
205 __ |a三版
210 __ |a臺北市|c遠流|d1996[民85]
215 0_ |a4冊(1623面)|c圖, 圖版|d21公分
225 2_ |a金庸作品集|v5-8
300 __ |a版權頁英文題名: The eagle-shooting heroes
300 __ |a著者本名查良鏞
410 _0 |12001 |a金庸作品集|v5-8
517 1_ |aThe eagle-shooting heroes|zeng
517 1_ |a射雕英雄傳|zchi
681 __ |a857.9|b864
681 __ |a857.9|b8640 2000 v2 c1
681 __ |a857.9|b8640 2000 v2
681 __ |a857.9|b8640 88 V.2
681 __ |a857.9|b8640 V1
681 __ |a857.9|b8000-13|y89
700 _0 |a金庸|f1924-2018|4著
801 _0 |atw|b內湖高中|c20121119|gCCR
801 _2 |atw|b內湖高中|c20220829|gCCR
|